| 000 | 00709nam a22002417a 4500 | ||
|---|---|---|---|
| 005 | 20140827110527.0 | ||
| 010 | _aENG-110672 | ||
| 020 |
_a9789339204792 _c875.00 |
||
| 020 |
_a9339204794 _c875.00 |
||
| 035 | _aEN-94204 | ||
| 037 | _bDBAD/PUB | ||
| 082 | _a621.382 | ||
| 100 | _aProakis, John G. | ||
| 245 |
_aDigital communications / _cby John G. Proakis [and] Masoud Salehi |
||
| 250 | _a5th ed | ||
| 260 |
_aNew Delhi _bMcGraw Hill Education _c2014 |
||
| 270 |
_aP-24, Green Park Extn. _bNew Delhi _e110016 |
||
| 300 |
_axviii,1150p. _c26cm(pbk) |
||
| 500 | _aIncludes index | ||
| 650 | _aDigital communications | ||
| 700 | _aSalehi, Masoud | ||
| 942 |
_2ddc _cEN _mPRO _h621.382 |
||
| 999 |
_c87930 _d87930 |
||